00861 a2200157 4500003000500000005001700005020001500022040000900037082001700046100001100063245007100074260003100145300001200176505048200188650003300670Nust20230126115831.0 a0470260847 cNust a658.1552,POR aPorter aIntegrating the Computer with your Business / cPorter and Chapple aNew YorkbJohn Wileyc1980 a308 p.; aWhat seems to be the Problem (Page-15), To Charge or not to Charge (Page-28), Computer services planning (Page-39), Project authorization (Page-46), The Structure of systems and Projects (Page-63), User Management and Control of systems (Page-86), Project Accounting (Page-119), Accounting for computer operation costs (Page-172), Finical and Management accounts (Page-196), Finical modeling and aid to planning (Page-232), Distrusted processing (Page-259), And Now (Page-295). a Computer with your Business